000 00522nam a2200181Ia 4500
999 _c3718
_d3718
003 GBCCL
005 20241126110502.0
008 171205b xxu||||| |||| 00| 0 eng d
020 _a0-570-06890-8
040 _cgbc
082 _a223.2061
_bMUE
100 _aMueller, Steven
_97354
245 _aPsalms:
_bAn Introductory Course /
_cSteven Mueller
260 _bConcordia Publishing House,
_aSt. Louis:
_c1998
300 _a115p.;
_c24 cm.
650 _aBible
_vOld Testament
_xPsalms- Introduction
_98103
942 _2ddc
_cBK
_04